| 000 | 003990000a22001690004500 | ||
|---|---|---|---|
| 003 | LK-CoMWRAF | ||
| 008 | 230817t ||||| |||| 00| 0 eng d | ||
| 020 | _a9559052403 | ||
| 040 |
_aLK-CoMWRAF _dLK-CoMWRAF _eLK-CoMWRAF |
||
| 041 | _aeng | ||
| 082 |
_a355 _bRAN |
||
| 100 | _aRanaweera, Eva | ||
| 245 |
_aChasing butterflies _b |
||
| 260 |
_aColombo _bCENWOR _c1996 |
||
| 300 | _ap.16 | ||
| 942 | _cBK | ||
| 999 |
_c2475 _d2475 |
||